Comuni della provincia di Milano per immagine - Statistics

Statistiche generali
  • Questo quiz è stato fatto 19 volte
  • Il punteggio medio è 5 su 133
Statistiche sulle risposte
con Immagini Risposta % Corretto
Milano
79%
Corsico
36%
Abbiategrasso
21%
Legnano
21%
Trezzano sul Naviglio
21%
Buccinasco
14%
Cassano d'Adda
14%
Gaggiano
14%
Gorgonzola
14%
Magenta
14%
Morimondo
14%
Rescaldina
14%
Rho
14%
Rozzano
14%
Trezzo sull'Adda
14%
Bollate
7%
Calvignasco
7%
Cassinetta di Lugagnano
7%
Cesate
7%
Cormano
7%
Cusago
7%
Garbagnate Milanese
7%
Inzago
7%
Lainate
7%
Nerviano
7%
Novate Milanese
7%
Paderno Dugnano
7%
Parabiago
7%
Pero
7%
Pogliano Milanese
7%
Robecco sul Naviglio
7%
San Giuliano Milanese
7%
Senago
7%
Sesto San Giovanni
7%
Solaro
7%
Turbigo
7%
Vanzago
7%
Vaprio d'Adda
7%
Villa Cortese
7%
Albairate
0%
Arconate
0%
Arese
0%
Arluno
0%
Assago
0%
Baranzate
0%
Bareggio
0%
Basiano
0%
Basiglio
0%
Bellinzago Lombardo
0%
Bernate Ticino
0%
Besate
0%
Binasco
0%
Boffalora Sopra Ticino
0%
Bresso
0%
Bubbiano
0%
Buscate
0%
Bussero
0%
Busto Garolfo
0%
Cambiago
0%
Canegrate
0%
Carpiano
0%
Carugate
0%
Casarile
0%
Casorezzo
0%
Cassina de' Pecchi
0%
Castano Primo
0%
Cernusco sul Naviglio
0%
Cerro al Lambro
0%
Cerro Maggiore
0%
Cesano Boscone
0%
Cinisello Balsamo
0%
Cisliano
0%
Cologno Monzese
0%
Colturano
0%
Corbetta
0%
Cornaredo
0%
Cuggiono
0%
Cusano Milanino
0%
Dairago
0%
Dresano
0%
Gessate
0%
Grezzago
0%
Gudo Visconti
0%
Inveruno
0%
Lacchiarella
0%
Liscate
0%
Locate di Triulzi
0%
Magnago
0%
Marcallo con Casone
0%
Masate
0%
Mediglia
0%
Melegnano
0%
Melzo
0%
Mesero
0%
Motta Visconti
0%
Nosate
0%
Noviglio
0%
Opera
0%
Ossona
0%
Ozzero
0%
Pantigliate
0%
Paullo
0%
Peschiera Borromeo
0%
Pessano con Bornago
0%
Pieve Emanuele
0%
Pioltello
0%
Pozzo d'Adda
0%
Pozzuolo Martesana
0%
Pregnana Milanese
0%
Robecchetto con Induno
0%
Rodano
0%
Rosate
0%
San Colombano al Lambro
0%
San Donato Milanese
0%
San Giorgio su Legnano
0%
Santo Stefano Ticino
0%
San Vittore Olona
0%
San Zenone al Lambro
0%
Sedriano
0%
Segrate
0%
Settala
0%
Settimo Milanese
0%
Trezzano Rosa
0%
Tribiano
0%
Truccazzano
0%
Vanzaghello
0%
Vermezzo con Zelo
0%
Vernate
0%
Vignate
0%
Vimodrone
0%
Vittuone
0%
Vizzolo Predabissi
0%
Zibido San Giacomo
0%
Nessun quiz corrispondente trovato
Distribuzione punteggi
Percentuale di utenti per punteggio
Percentile per numero di risposta
I tuoi punteggi nel tempo
Non hai fatto questo quiz